| 000 | 02264cam a22005294i 4500 | ||
|---|---|---|---|
| 003 | PE-LiUPU | ||
| 005 | 20250731165507.0 | ||
| 008 | 150623s r 000 0 d | ||
| 020 | _a1841270962 | ||
| 035 | _a(Sirsi) i9781841270968 | ||
| 040 |
_aPE-LiUPU _bspa _cPE-LiUPU _erda |
||
| 049 | _aPRUA | ||
| 082 | 0 | 4 |
_a221.07 _bJ _221 |
| 100 | 1 |
_aWells, Jo Bailey, _eautor. |
|
| 245 | 1 | 0 |
_aGod's holy people : _ba theme in biblical theology. _n305 / _cJo Bailey Wells. |
| 264 | 1 |
_aSheffield, England : _bSheffield Academic Press, _c2000. |
|
| 300 |
_a304 páginas ; _c24 centímetros |
||
| 336 |
_atext _2rdacontent |
||
| 337 |
_aunmediated _2rdamedia |
||
| 338 |
_avolume _2rdacarrier |
||
| 490 | 0 |
_aJournal for the Study of the O.T. Supplement Series ; _v305 |
|
| 504 | _aIncluye bibliografía. | ||
| 505 | 0 | _a"A priestly kingdom and a holy nation": examination of exodus 19.5-6. -"You shall be holy as I am holy": the context of the Torah. -"Holy to Yhwh": priesthood according to the Torah. -"The holy One of Israel": the context of Isaiah. -"For the sake of my holy name": the context of Eze,iel. -"Blessing to all the families of the earth": Abraham as prototype of Israel. -"Belonging to God": 1 Peter and the New Testament context. | |
| 526 | _aSEG44 | ||
| 526 | _aSEG26 | ||
| 526 | _aP151 | ||
| 526 | _aP150 | ||
| 526 | _aP149 | ||
| 526 | _aP146 | ||
| 526 | _aP145 | ||
| 526 | _aP126 | ||
| 526 | _aP125 | ||
| 526 | _aP92 | ||
| 526 | _aP75 | ||
| 526 | _aP74 | ||
| 526 | _aP27 | ||
| 526 | _aP15 | ||
| 630 |
_aBiblia. _pA.T. _PG énesis _xComentarios. |
||
| 630 |
_aBiblia. _pA.T. _pIsaías _xComentarios. |
||
| 630 |
_aBiblia. _pN.T. _pPedro I _xComentarios. |
||
| 942 |
_2ddc _cBOOK |
||
| 949 |
_aRC 221.07 J 305 _wDEWEY _c1 _i48067 _d2015-11-24 _lCCODEBUL1 _mBUL _q1 _r0 _sY _tBOOK _u2015-6-24 _xTEOLOGIA _PP35 _0COMPRA _o.CIRCNOTE. No olvidar cambiar la fecha de devolución!!!!!!! _o.STAFF. Colección General |
||
| 994 |
_aC0 _bPEPRU |
||
| 596 | _a1 | ||
| 999 |
_aRC 221.07 J 305 _wDEWEY _c24860 _i48067 _d24860 _f2021-11-8 _g6 _lCCODEBUL1 _mBUL _q1 _r1 _sY _tBOOK _u2015-6-24 _xTEOLOGIA _PP35 _0COMPRA _o.CIRCNOTE. No olvidar cambiar la fecha de devolución!!!!!!! _o.STAFF. Colección General |
||
| 980 |
_81 _gALBERTO SANCHEZ Responsable de Automatización |
||